01174nam a2200301Ia 4500001001200000003000800012006001900020007001500039008004100054010001700095020001800112020001500130040002100145035002100166050002200187100002700209245011200236260007600348300001500424504005100439533015200490650002500642650001600667655002900683710001700712856012600729999001700855ebr10254424CaPaEBRm u cr cn|||||||||080414s2008 enk sb 001 0 eng d z 2008016743 z9780199550821 z0199550824 aCaPaEBRcCaPaEBR a(OCoLC)31074926614aB72b.K445 2008eb1 aKenny, Anthony,d1931-10aFrom Empedocles to Wittgensteinh[electronic resource] :bhistorical essays in philosophy /cAnthony Kenny. aOxford :bClarendon Press ;aNew York : Oxford University Press,c2008. aix, 218 p. aIncludes bibliographical references and index. aElectronic reproduction.bPalo Alto, Calif. :cebrary,d2009.nAvailable via World Wide Web.nAccess may be limited to ebrary affiliated libraries. 0aPhilosophyxHistory. 0aPhilosophy. 7aElectronic books.2local2 aebrary, Inc.40uhttp://site.ebrary.com/lib/rucke/Doc?id=10254424zAn electronic book accessible through the World Wide Web; click to view c35136d35136